000 00521nam a2200205Ia 4500
003 GCL
008 140319s9999 xx 000 0 eng d
040 _aGCL /
_cGCL
082 0 4 _aCH
_b720.483
_bC S
100 1 _aCOOPER, JASON
245 1 0 _aSKYSCRAPERS /
_cCOOPER, JASON
260 _a[S.N] :
_bROURK ENTERPRISES ,INC ،
_c1991
300 _a24 P
650 0 4 _aCHILDREN
650 0 4 _aARCHITECTURE
650 0 4 _aSKYSCRAPERS
650 0 4 _aSKYSCRAPERS - UNITED STATS
650 0 4 _aTALL BUILDINGS
942 _2ddc
_cBK
999 _c13487
_d13487